Les origines des youtubeurs - Statistiques

Statistiques générales
  • Ce quiz a été pris 1 183 fois
  • Le résultat moyen est 4 sur 10
Statistiques - réponses
Hint Réponse % Correct
TiboInshape Algérie
87%
Joyca France
77%
GameMixTreize Maroc
74%
Cyprien Roumanie
39%
Natoo Pologne
34%
Squeezie Sénégal
25%
Théodor Bénin
11%
Mastu Suède
7%
Inoxtag Thaïlande
2%
Amixem Macédoine du nord
1%
Aucun quiz correspondant
Distribution des résultats
% des personnes avec chaque résultat
Percentile par nombre de réponses
Votre historique - résultats
Vous n’avez pas pris ce quiz